| 000 | 00904nam a2200265 i 4500 | ||
|---|---|---|---|
| 001 | 9798 | ||
| 003 | ES-MaACL | ||
| 005 | 20250831121733.0 | ||
| 007 | t| | ||
| 008 | 940113s1991 sp ||||1| spa d | ||
| 020 | _a84-376-1016-8 | ||
| 080 | _a86-22"16" | ||
| 080 | _a86(Claramonte,A.7 E.01) | ||
| 100 | 1 |
_aClaramonte y Corroy, Andrés de. _938996 |
|
| 245 | 1 | 3 |
_aLa Estrella de Sevilla / _cAndrés de Claramonte ; edición de Alfredo Rodríguez López-Vázquez. |
| 260 |
_aMadrid : _bCátedra, _cD.L. 1991. |
||
| 300 |
_a289 p. : _bil. ; _c18 cm. |
||
| 490 | 1 |
_aLetras hispánicas ; _v337 |
|
| 600 | 1 | 4 |
_aClaramonte y Corroy, Andrés de- _xCrítica e interpretación. _938997 |
| 700 | 1 |
_aRodríguez López-Vázquez, Alfredo, _d1932- _998618 |
|
| 830 | 0 | 0 |
_aLetras hispánicas ; _v337 _9235703 |
| 852 |
_aES-MaACL _jL-17285 _bR.121934 |
||
| 942 | _2udc | ||
| 999 |
_c9798 _d9798 |
||